El significado del asco

Guardat en:
Dades bibliogràfiques
Autor principal: McGinn, Colin (autor)
Format: Llibre
Idioma:espanyol
Publicat: Madrid Cátedra 2016
Edició:1a. ed
Col·lecció:Colección Teorema Serie Mayor
Matèries:
Etiquetes: Afegir etiqueta
Sense etiquetes, Sigues el primer a etiquetar aquest registre!

MARC

LEADER 00000cam a2200000 a 4500
001 UCD7265
003 CL-VaPUC
008 170317e20160000sp |||||||||||||||||spa|d
020 |a 9788437635774 
082 0 4 |a 128.37  |b MCG  |2 21 
100 |a McGinn, Colin  |e autor  |9 591223 
245 1 3 |a El significado del asco 
250 |a 1a. ed 
300 |a 238 p 
942 |c BK 
945 |d 20170317 22:16:00  |a dcastane 
260 |a Madrid  |b Cátedra  |c 2016 
650 0 |a Conducta humana   |9 269906 
650 0 |a Naturaleza humana   |9 308593 
583 |a last modification  |c 20170317 22:16:00  |k Rodrigo Vera 
490 0 |a Colección Teorema Serie Mayor 
999 |c 367327  |d 367325 
952 |0 0  |1 0  |3 erb  |4 0  |6 128_370000000000000_MCG_2016  |7 0  |8 A  |9 482155  |a BIBART  |b BIBART  |i 5366453  |l 1  |o 128.37 MCG 2016  |p 5366453  |r 2025-03-13  |s 2024-11-04  |w 2019-11-24  |y BK  |z Catalogado en:20170317  |k ART